00924nam a2200265Ia 4500003000400000005001700004008004100021020001800062040001800080041000800098082001700106100003000123245009000153250001200243260004400255300002900299650002600328650003500354650003700389650002700426700003000453942002700483999001900510952012900529OSt20260117093824.0210716s2013 xx 000 0 und d a9788131709283 cAIMIT LIBRARY aeng a651.7 bGERS aGerson, Sharon J.9251558 aTechnical writing: bprocess and product /cBy Sharon J. Gerson and Gerson, Steven M. a5th ed. aNew Delhi :bPearson Education ,c2013. axxiv,680 p.;bPBc29 cm. aVisual appeal9251559 aTechnical applications9251560 aElectronic communication9251561 aCorrespondence9251562 aGerson, Steven M.9251563 2ddccBKe5k651.7 GERS c193729d193729 001040708MCAaAIMITbAIMITeKnowledge Worldg699.00l0o651.7 GERSpMCA13237r2025-07-21 00:00:00v524.25w2021-07-16yBK